00951nam a2200229 a 4500001001000000003000500010005001700015008004100032010001100073011001100084040000900095100003600104245018200140260004100322500006000363502009400423650005000517650003500567650002400602700003800626856005700664000114488CHAP20220329144443.0180202s2017 mx sm |||||||spa d a110949 a111921 cCHAP1 aEscarcega Torres, Janeth Ramona10aEfecto de la Thuja Occidentalis como tratamiento alternativo contra la papilomatosis caprinah[En línea]cpor Janeth Ramona Escarcega Torres y Lorenzo Antonio Valdes Martinez. aChapingo, Méx. :bEl autor,c2017. aPara ver el contenido del material haga clic en la liga aTesis (Ing. en Sistemas Pecuarios) -- UACH. Unidad Regional Universitaria de Zonas Aridas14aEnfermedadesxControlxProductos orgánicos.14aGanado cabríoxEnfermedades.14aThuja occidentalis.1 aValdez Martinez, Lorenzo Antonio. uhttp://10.13.5.2/tesis/sist114488.pdfzTeclea aquí